LEADER 01571nam a2200289 u 4500 001 000000023016 003 CaOOAMICUS 005 20070226111206.0 008 950407s1850 it af u000 u ita u 035 $a10577855 040 $aMH-FA$bita$cMH-FA 100 1 $aAvellino, Francesco Maria,$d1788-1850.$0(OLS)http://pul/name/19475 245 10$aDilucidazione di un antico bassorilievo di marmo scoverto in Pompei negli scavi ... e rappresentante Alessandro domator di Bucefala /$c[Francesco Ma. Avellino]. 260 $aNapoli :$bG. Nobile,$c1850. 300 $a17 p., [1] leaf of plates :$bill. ;$c33 cm 500 $aIncludes quotations in Greek and Latin. 504 $aIncludes bibliographical references. 600 00$aAlexander,$cthe Great,$d356-323 B.C$xArt.$2//eng$0(OLS)http://pul/subject/6507 600 00$aBucephalus (Horse),$dd. 326 B.C.$xArt.$2//eng$0(OLS)http://pul/subject/14306 650 0$aSculpture, Greco-Roman.$2//eng$0(OLS)http://pul/subject/14308 650 0$aBas-relief$zItaly$zPompeii (Extinct city).$2//eng$0(OLS)http://pul/subject/14307 651 0$aPompei (Extinct city).$0(OLS)http://pul/subject/1447 850 $aPUL 852 $aPUL$W1$xDP1 Antico 800$y27$m140 B 54$j32249$nBK-PRI$b $qStampati Antico$B32249$CPULBib$Z2$F32249 $H $81 941 1 $a15 996 $6245$aDilucidazione di un antico bassorilievo di marmo scoverto in Pompei negli scavi ... e rappresentante Alessandro domator di Bucefala$9(OLS)http://pul/title/32061 996 $6260$aNapoli :$bG. Nobile$9(OLS)http://pul/publisher/53126 LEADER 01475nam a2200325 a 4500 001 000000143312 003 CaOOAMICUS 005 20150513125350.0 008 150513s2014 it c u000 u ita r 020 $a978-88-6342-652-6 040 $aPUL$bita 082 04$a341.24 245 00$aScritti in onore di Maria Rita Saulle. 260 $aNapoli :$bEditoriale Scientifica,$c2014. 300 $a2 v. :$britr. ;$c24 cm 500 $aIn cofanetto. 504 $aBibliografia in nota. 600 14$aSaulle, Maria Rita,$d1935-2011$xScritti in memoria.$0(OLS)http://pul/subject/41715 650 4$aDiritto internazionale$xStudi.$0(OLS)http://pul/subject/26811 650 4$aDiritti umani$xStudi.$0(OLS)http://pul/subject/41716 700 1 $aSaulle, Maria Rita.$0(OLS)http://pul/name/29442 850 $aPUL 852 $aPUL$W1$xSL Diritto e Scienze Sociali 3$y79$m341. 24 NATTO 1.1$j165426$av. 1$qDDC 21$B165691$CPULBib$Z2$F165691 $H125759 $82 852 $aPUL$W1$xSL Diritto e Scienze Sociali 3$y79$m341. 24 NATTO 1.2$j165427$av. 2$qDDC 21$B165692$CPULBib$Z2$F165692 $H125763 $82 941 1 $a9 996 $6020$a978-88-6342-652-6$9(OLS)http://pul/number/157517 996 $6082$a341.24$9(OLS)http://pul/classification/508 996 $6245$aScritti in onore di Maria Rita Saulle$9(OLS)http://pul/title/181353 996 $6260$aNapoli :$bEditoriale Scientifica$9(OLS)http://pul/publisher/64720